| 000 | 00518nam a2200193Ia 4500 | ||
|---|---|---|---|
| 005 | 20250508161650.0 | ||
| 008 | 008 250505s9999 xx 000 0 eng d | ||
| 037 | _aTextual | ||
| 040 |
_aFEDL _beng _cFEDL |
||
| 041 |
_aeng _2eng |
||
| 084 |
_aF, DEL _qFEDL |
||
| 100 |
_aDelancey Floy Winks _9771250 |
||
| 245 | 0 | _aSkylines | |
| 260 |
_aNew York, USA _bThe L W Singer Company _c1969 |
||
| 300 | _a192p. | ||
| 700 |
_a Iverson William J _9771251 |
||
| 942 |
_cTEXL _hF, DEL |
||
| 999 |
_c1371425 _d1371425 |
||